[Event "Stare Mesto op"]
[Site "Stare Mesto"]
[Date "2018.08.21"]
[Round "4"]
[White "Trcalek, David"]
[Black "Benes, Miroslav"]
[Result "1-0"]
[WhiteElo "1686"]
[BlackElo "2024"]
[PlyCount "95"]
[EventDate "2018.08.18"]
[EventType "swiss"]
[EventRounds "9"]
[EventCountry "CZE"]
[SourceTitle "CBM 186 Extra"]
[Source "ChessBase"]
[SourceDate "2018.08.24"]
[SourceVersion "1"]
[SourceVersionDate "2018.08.24"]
[SourceQuality "1"]

1. e4 c5 2. Nf3 g6 3. d4 cxd4 4. Nxd4 Bg7 5. c4 Nc6 6. Be3 Nf6 7. Nc3 d6 8. Be2 0-0 9. 0-0 Nxd4 10. Bxd4 a5 11. b3 Bd7 12. Qd2 Bc6 13. f3 Nd7 14. Be3 Nc5 15. Rab1 Be5 16. Rfc1 e6 17. Bg5 f6 18. Be3 f5 19. exf5 Rxf5 20. f4 Bg7 21. Bg4 Rf6 22. Rd1 Ne4 23. Nxe4 Bxe4 24. Rbc1 d5 25. Bd4 h5 26. Bxf6 Qxf6 27. Be2 d4 28. Bd3 Bc6 29. Rf1 Bf8 30. Qc2 Bc5 31. Rce1 Kg7 32. Re5 b6 33. Qe2 Bd7 34. Rg5 Rf8 35. Qxh5 Be8 36. Qg4 Rh8 37. Re1 Bf7 38. h4 Rh6 39. h5 Bb4 40. Ree5 Bd2 41. g3 Be3+ 42. Kg2 Kf8 43. hxg6 Be8 44. Qxe6 Bc6+ 45. Be4 Bxe4+ 46. Rxe4 Rh2+ 47. Kxh2 Qh8+ 48. Kg2 1-0